[Event "HUN-ch U20"]
[Site "Szolnok"]
[Date "2024.04.02"]
[Round "3"]
[White "Herczeg, Marcell"]
[Black "Foldes, Marton Gabor"]
[Result "0-1"]
[WhiteElo "2107"]
[BlackElo "2162"]
[PlyCount "82"]
[EventDate "2024.03.31"]
[EventType "swiss"]
[EventRounds "9"]
[EventCountry "HUN"]
[SourceTitle "CB16_2024"]
[SourceDate "2024.04.17"]
[SourceVersion "1"]
[SourceVersionDate "2024.04.17"]
[SourceQuality "1"]

1. e4 Nf6 2. e5 Nd5 3. c4 Nb6 4. d4 d6 5. exd6 cxd6 6. Nc3 g6 7. Be3 Bg7 8. Qd2 Bf5 9. Bh6 Bxh6 10. Qxh6 Nc6 11. Nf3 Nb4 12. 0-0-0 Qc7 13. b3 N6d5 14. Nxd5 Nxd5 15. Kb2 a5 16. Bd3 Bxd3 17. Rxd3 Nb4 18. Rc3 0-0-0 19. a3 Nc6 20. d5 Na7 21. Re1 Kb8 22. Qf4 Rhf8 23. Qh4 Rde8 24. Nd4 Qc5 25. Re4 e5 26. dxe6 fxe6 27. f3 e5 28. Nc2 Rf7 29. Ne3 Nc6 30. Rd3 Nd4 31. Rdxd4 Rf4 32. Qe1 Qxd4+ 33. Rxd4 exd4 34. Qd2 dxe3 35. Qxd6+ Ka8 36. Qd7 Rff8 37. Qb5 e2 38. Qxa5+ Kb8 39. Qe1 Rf7 40. Qg3+ Rc7 41. Qe1 Rd7 0-1

[Event "HUN-ch U14"]
[Site "Eger"]
[Date "2021.08.25"]
[Round "4"]
[White "Herczeg, Marcell"]
[Black "Kolimar, Kristof Pal"]
[Result "1/2-1/2"]
[WhiteElo "1904"]
[BlackElo "2162"]
[PlyCount "119"]
[EventDate "2021.08.20"]
[EventType "swiss"]
[EventRounds "7"]
[EventCountry "HUN"]
[SourceTitle "EXT 2022"]
[Source "ChessBase"]
[SourceDate "2021.10.06"]
[SourceVersion "1"]
[SourceVersionDate "2021.10.06"]
[SourceQuality "1"]

1. e4 c5 2. Nf3 e6 3. d4 cxd4 4. Nxd4 Qb6 5. Nb3 Qc7 6. c4 Nf6 7. Bd3 d6 8. Nc3 a6 9. Be3 Nbd7 10. Rc1 Be7 11. 0-0 0-0 12. f4 b6 13. g4 Nc5 14. Nxc5 bxc5 15. g5 Nd7 16. Qh5 g6 17. Qg4 f5 18. exf5 gxf5 19. Qh5 Rf7 20. Kf2 Nf8 21. Be2 Ng6 22. Bf3 Bb7 23. Rcd1 Rd8 24. Qh3 Bf8 25. Kg1 Bg7 26. Qg3 Rfd7 27. Na4 Bc6 28. Bxc6 Qxc6 29. b3 Ne7 30. Qf3 Qc7 31. Bf2 Nc6 32. Rfe1 Re7 33. Qd3 Bd4 34. Bxd4 Nxd4 35. Re3 Red7 36. h4 d5 37. Rf1 Qc6 38. Rg3 dxc4 39. Qxc4 Qe4 40. Nc3 Qc6 41. h5 Nc2 42. g6 Rd4 43. gxh7+ Kxh7 44. Qe2 Rd2 45. Qe5 Qd7 46. Ne2 Nd4 47. Nc3 Rg8 48. Rxg8 Kxg8 49. Qf6 Qg7+ 50. Qxg7+ Kxg7 51. Rf2 Rd3 52. Na4 Rd1+ 53. Kg2 Rc1 54. Rd2 Kh6 55. Nxc5 Rxc5 56. Rxd4 Rc2+ 57. Kf3 Rxa2 58. Rd6 Ra3 59. Rxe6+ Kxh5 60. Re3 1/2-1/2

[Event "HUN-ch U14"]
[Site "Eger"]
[Date "2021.08.24"]
[Round "2"]
[White "Herczeg, Marcell"]
[Black "Szikszai, Bertalan"]
[Result "1-0"]
[WhiteElo "1904"]
[BlackElo "2133"]
[PlyCount "93"]
[EventDate "2021.08.20"]
[EventType "swiss"]
[EventRounds "7"]
[EventCountry "HUN"]
[SourceTitle "EXT 2022"]
[Source "ChessBase"]
[SourceDate "2021.10.06"]
[SourceVersion "1"]
[SourceVersionDate "2021.10.06"]
[SourceQuality "1"]

1. e4 c5 2. Nf3 d6 3. d4 cxd4 4. Nxd4 Nf6 5. Nc3 a6 6. h3 e5 7. Nde2 h5 8. g3 Be6 9. Bg2 g6 10. Be3 Nbd7 11. a4 Qc7 12. 0-0 Bg7 13. Qd2 Rd8 14. Rad1 Nb6 15. b3 0-0 16. f4 d5 17. a5 Nc4 18. bxc4 d4 19. Nd5 Bxd5 20. cxd5 dxe3 21. Qxe3 Nd7 22. Qd2 Rfe8 23. f5 Rf8 24. Rb1 Rc8 25. Rb2 Kh7 26. g4 Nc5 27. f6 Bh8 28. gxh5 Rg8 29. Qg5 Rcd8 30. Qh4 g5 31. Qg4 Qd7 32. Rf5 Kh6 33. Qf3 Rde8 34. h4 Na4 35. Rb3 g4 36. Qe3+ Kh7 37. Nc3 Nxc3 38. Qxc3 Rc8 39. Qb2 Rc7 40. Rb6 Qa4 41. Rxb7 Rxc2 42. Rxf7+ Kh6 43. Qxe5 Rc1+ 44. Bf1 Rxf1+ 45. Rxf1 Qc4 46. Qf4+ Kxh5 47. Rh7+ 1-0

[Event "HUN-chT U18 2nd"]
[Site "Zalakaros"]
[Date "2018.07.26"]
[Round "2.29"]
[White "Herczeg, Marcell"]
[Black "Turcsanyi, Vince Gergo"]
[Result "1/2-1/2"]
[WhiteElo "1490"]
[BlackElo "1639"]
[PlyCount "96"]
[EventDate "2018.07.26"]
[EventType "team-swiss"]
[EventRounds "7"]
[EventCountry "HUN"]
[SourceTitle "EXT 2019"]
[Source "ChessBase"]
[SourceDate "2018.10.10"]
[SourceVersion "1"]
[SourceVersionDate "2018.10.10"]
[SourceQuality "1"]

1. e4 e5 2. Nf3 Nc6 3. d4 exd4 4. Nxd4 Nf6 5. Nxc6 bxc6 6. Bd3 d5 7. exd5 cxd5 8. 0-0 Be7 9. Bf4 0-0 10. Nc3 c6 11. Qd2 Bb4 12. a3 Ba5 13. b4 Bc7 14. Ne2 Re8 15. Rfe1 Bg4 16. Nd4 Ne4 17. Bxe4 dxe4 18. Nxc6 Qf6 19. Bxc7 Qxc6 20. Bf4 Rac8 21. c4 Qxc4 22. Rac1 Qe6 23. Qe3 a6 24. Rxc8 Qxc8 25. Rc1 Qd7 26. Qc5 Rc8 27. Qxc8+ Qxc8 28. Rxc8+ Bxc8 29. Kf1 f5 30. Ke2 Kf7 31. Ke3 Ke6 32. Kd4 h6 33. h4 g5 34. hxg5 hxg5 35. Bxg5 Kd6 36. Bf4+ Kc6 37. a4 Kb6 38. Be3 Bd7 39. Ke5+ Kb7 40. f4 exf3 41. gxf3 Bxa4 42. Kxf5 Bc6 43. f4 Bd7+ 44. Ke5 Kc6 45. f5 Bxf5 46. Kxf5 Kb5 47. Bd2 a5 48. bxa5 Ka6 1/2-1/2